000 00647nam a2200193 4500
003 OSt
005 20221117170116.0
008 221117b |||||||| |||| 00| 0 eng d
040 _cBiblioteca Lado V
082 _a700.74
_bD286n
100 _9164
_aDebbaut,Jan
_ecurador
245 _aNiek Kemps 1993/
_bBiennale di Vanezia Padiglione di Olanda/
260 _bMinistry of Welfare
_aAmsterdam
_c1993
300 _a23p.
_c22x28cm
650 _2Tesauro de Arte & Arquitectura
_aARTE
650 _2Tesauro de Arte & Arquitectura
_aBIENAL
650 _2Tesauro de Arte & Arquitectura
_aCATALOGO
942 _2ddc
_c1
_h700.74
_iD286n
999 _c2693
_d2693